=LDR 00000nam 2200000 4500 =001 INLIS000000000038262 =005 20130612143932 =008 ***********************************Ind** =035 ##$$0010-061300000038262 =041 ##$$a Ind =082 ##$$a 641.559 8 =090 ##$$a 641.559 8, Sri a =100 ##$$a Sriyana, Ernita =245 ##$$a Aneka resep santapan nusantara urap, Ernita Sriyana; Penyunting, Intarina Hardiman =260 ##$$a 2003 $b Jakarta =300 ##$$a 54 hlm, Ilus, 20 cm =650 ##$$a Masakan indonesia - Resep =700 ##$$a Hardiman, Intarina =850 ##$$a NBPNMAT